| 000 | 00490nam a22001937a 4500 | ||
|---|---|---|---|
| 005 | 20240216094643.0 | ||
| 008 | 240216b |||||||| |||| 00| 0 eng d | ||
| 020 |
_a9780323878104 _c$ 45.99 |
||
| 040 | _aMAIN | ||
| 082 |
_a579 _bM961M(2) |
||
| 100 | _aMurray, Patrick R | ||
| 245 | _aMurray's basic medical microbiology | ||
| 250 | _a2nd | ||
| 260 |
_aPhiladelphia _bElsevier _c2024 |
||
| 300 | _aix, 292 | ||
| 650 | _aMedical Microbiology | ||
| 650 | _aMicrobiology | ||
| 942 | _cBK | ||
| 999 |
_c314206 _d314206 |
||